| 000 | 01137nam a22003737a 4500 | ||
|---|---|---|---|
| 001 | BR2013007312 | ||
| 003 | BR-BrBNA | ||
| 005 | 20230928104248.0 | ||
| 007 | ta | ||
| 008 | 230509b bl.||||| |||| 00| 0 por d | ||
| 040 |
_aBR-BrBNA _bpor _cBiblioteca Nacional de Agricultura |
||
| 041 | _a(Por) | ||
| 072 | _aF08 | ||
| 090 | _ F08 BR2013007312 | ||
| 100 | 1 | _aSchwinden, A. (ed.) | |
| 100 | 1 | _aSteenbock, W. | |
| 100 | 1 | _aSilva, L. da C. e | |
| 100 | 1 | _aSilva, R.O. da | |
| 100 | 1 | _aRodrigues, A.S. | |
| 100 | 1 | _aPerez-Cassarino, J. | |
| 100 | 1 | _aFonini, R. (orgs.) | |
| 100 | 1 | _aSeoane, C.E. | |
| 100 | 1 | _aFroufe, L.C.M. | |
| 110 | 1 |
_aAssociação de Agricultores Agroflorestais de Barra do Turvo e Adrianopólis, Curitiba, PR (Brasil) _9911 |
|
| 245 | 1 | _aAgrofloresta, ecologia e sociedade | |
| 260 | 3 |
_aCuritiba, PR (Brasil): _c2013. |
|
| 300 | _a422 p. | ||
| 500 | _aIncludes several bibliographies.; Summary (Por); 22 illus.; 12 graphs.; 24 tables | ||
| 650 | _aAGROSSILVICULTURA | ||
| 650 | _aECOLOGIA | ||
| 650 | _aDESENVOLVIMENTO FLORESTAL | ||
| 909 |
_a202309 _bLucia _c55 _dLucia Elande |
||
| 942 | _cBK | ||
| 999 |
_c78972 _d78972 |
||